Statistics for Frozen:For the first time in forever (all lyrics)

Click here to take the quiz!

General Stats

  • This quiz has been taken 33 times
  • The average score is 261 of 364

Answer Stats

Answer% Correct
A
100%
For
100%
I
100%
So
100%
The
100%
We
100%
Be
94%
Is
94%
Know
94%
First
88%
Forever
88%
In
88%
My
88%
On
88%
Open,
88%
Open
88%
Time
88%
Who
88%
Why
88%
Did
81%
Door
81%
Have
81%
No
81%
That
81%
They
81%
To
81%
And
75%
Anymore
75%
Cause
75%
Don’t
75%
Gate
75%
gate
75%
It
75%
I’ve
75%
Me
75%
One
75%
Plates
75%
See
75%
Some
75%
There
75%
These
75%
Up
75%
Window
75%
All
69%
Am
69%
Ballroom
69%
Balls
69%
By
69%
Change
69%
Didn’t
69%
Empty
69%
Gates
69%
Halls
69%
If
69%
I’ll
69%
Im
69%
I’m
69%
Knew
69%
Owned
69%
People
69%
Ready
69%
Roamed
69%
Salad
69%
So’s
69%
There’ll
69%
With
69%
Wont
69%
Years
69%
Chocolate
63%
Finally
63%
Good
63%
Let
63%
Meet
63%
Music
63%
Night
63%
Of
63%
Someone
63%
Strange
63%
Tall
63%
Them
63%
Then
63%
This
63%
What
63%
Which
63%
Will
63%
You
63%
Always
56%
Bizarre
56%
But
56%
Chance
56%
Dancing
56%
Dream
56%
Evening
56%
Everyone
56%
Face
56%
Fair
56%
Find
56%
Fun
56%
Girl
56%
It’ll
56%
It’s
56%
Laugh
56%
Light
56%
Opening
56%
Stranger
56%
Stuff
56%
Talk
56%
They’ll
56%
They’re
56%
Through
56%
Totally
56%
Wait
56%
Wow
56%
Alone
50%
At
50%
Beautiful
50%
Could
50%
Crazy
50%
Him
50%
I’d
50%
Least
50%
Life
50%
Magic
50%
Noticed
50%
Picture
50%
Romance
50%
Tell
50%
Wanna
50%
8,000
44%
Against
44%
Cant
44%
Conceal
44%
Draped
44%
Elated
44%
Far
44%
Feel
44%
Fetchingly
44%
Gassy
44%
Got
44%
Gown
44%
Grace
44%
Guards
44%
Has
44%
Imagine
44%
Live
44%
Make
44%
Move
44%
Nothing
44%
Only
44%
Or
44%
Real
44%
Somewhere
44%
Sophisticated
44%
Standing
44%
Suddenly
44%
Today
44%
Tonight
44%
Wall
44%
Zone
44%
Agony
38%
Like
38%
Way!
38%
Wrong
38%
Actually
31%
Ends
31%
Getting
31%
Led
31%
Love
31%
Nothings
31%
Put
31%
Show
31%
Tomorrow
31%
True
31%
Dreaming
25%
Lonely
25%
World
25%

Score Distribution

Percentile by Number Answered

Percent of People with Each Score

Your Score History

You have not taken this quiz